000 00284nam a2200121Ia 4500
008 190216s9999||||xx |||||||||||||| ||und||
100 _aRamapurathu Varrier
245 0 _aKuchelavritham
260 _bPoorna Pubs Kozhikode
_c1976
300 _a85p
650 _aKavithkal
942 _cBK
999 _c26877
_d26877